000 02312cam a22004694i 4500
003 PE-LiUPU
005 20250731173112.0
008 181227s2011 miua r 001 0 eng d
020 _a031059846X
020 _a9780310598466
035 _a(Sirsi) a251214
040 _aPE-LiUPU
_bspa
_cPE-LiUPU
_erda
049 _aPRUA
082 0 4 _a200
_bH49
_223
100 1 _aHexham, Irving,
_eautor.
245 1 0 _aUnderstanding world religions :
_ban interdisciplinary approach /
_cIrving Hexham.
264 1 _aGrand Rapids :
_bZondervan,
_c[2018].
300 _a512 páginas :
_bilustraciones ;
_c24 centímetros
336 _atext
_2rdacontent
337 _aunmediated
_2rdamedia
338 _avolume
_2rdacarrier
504 _aÍndice: páginas 497-512
505 0 _aStudying religion -- Introductory issues in the study of religion -- A biased canon -- African traditions -- African religious traditions -- Witchcraft and sorcery -- God in Zulu religion -- The case of Isaiah Shembe -- The yogic tradition -- The origins of yogic religions -- The richness of the Hindu tradition -- Rethinking the Hindu tradition -- Ghandi the great Contrarian -- Buddhism -- The development of Buddhist beliefs and practice -- The moral quest o Edward Conze -- Other yogic-type traditions -- The Abramic tradition -- Early Judaism -- Rabbinic and other Judaisms -- Jewish faith and practice -- Martin Buber's Zionist spirituality -- Christianity -- Christian history -- Christian faith and practice -- Christian politics according to Abraham Kuyper -- The challenge of Islam -- Muslim beliefs and practices -- Muslim piety -- Sayyid Qutb and the rebirth of contemporary Islam.
526 _aSEG42
526 _aSEG41
526 _aSEG40
526 _aSEG39
526 _aP94
526 _aP87
526 _aP86
526 _aP85
526 _aP77
526 _aP76
526 _aP35
650 4 _aReligiones.
910 _adbm
_brri
_crri
_d20181227
942 _2ddc
_cBOOK
994 _aC0
_bPEPRU
596 _a1
999 _a200 H49
_wDEWEY
_c30639
_i79394
_f2021-11-9
_g4
_lCCODEBUL1
_mBUL
_p29.99
_r0
_sY
_tBOOK
_u2018-12-27
_xTEOLOGIA
_PP85
_0COMPRA
_o.STAFF. Colección Teología
_d30639
980 _81
_gALBERTO SANCHEZ Responsable de Automatización